| Tag |
First Indicator |
Second Indicator |
Subfields |
| LEADER |
00000cam a2200000 4500 |
| 001 |
in00000990459 |
| 005 |
20150927154408.0 |
| 008 |
750716s1964 nyuabe 00010 eng |
| 010 |
|
|
|a 65007595
|
| 035 |
|
|
|a (OCoLC)01453512
|
| 035 |
|
|
|9 AEY1518AM
|
| 040 |
|
|
|a DLC
|c DZM
|d SER
|d m/c
|d UtOrBLW
|
| 049 |
|
|
|a TXAM
|
| 050 |
0 |
0 |
|a F1435.3.A6
|b S8
|
| 082 |
0 |
|
|a 722.91
|
| 100 |
1 |
|
|a Stierlin, Henri.
|
| 245 |
1 |
0 |
|a Living architecture: Mayan /
|c Text and photos. by Henri Stierlin. Preface by Pedro Ramirez Vásquez.
|
| 264 |
|
1 |
|a New York :
|b Grosset & Dunlap,
|c [1964]
|
| 264 |
|
4 |
|c [©1964]
|
| 300 |
|
|
|a 192 pages :
|b illustrations, maps, plans (part folded) ;
|c 22 cm.
|
| 336 |
|
|
|a text
|b txt
|2 rdacontent
|
| 337 |
|
|
|a unmediated
|b n
|2 rdamedia
|
| 338 |
|
|
|a volume
|b nc
|2 rdacarrier
|
| 490 |
1 |
|
|a Living architecture
|
| 500 |
|
|
|a Includes index.
|
| 500 |
|
|
|a Cover title:Mayan architecture.
|
| 504 |
|
|
|a Bibliography: pages 189-190.
|
| 650 |
|
0 |
|a Maya architecture.
|
| 650 |
|
0 |
|a Mayas
|x Antiquities.
|
| 740 |
0 |
|
|a Mayan architecture.
|
| 830 |
|
0 |
|a Living architecture.
|
| 999 |
|
|
|a MARS
|
| 999 |
f |
f |
|s c289aa7b-2e54-3665-8e7d-7cd0870afe87
|i e99c9997-c238-3ced-a031-b57435d33008
|t 0
|
| 952 |
f |
f |
|p ric
|a Texas A&M University
|b Rellis Campus
|c Joint Library Facility
|d Remote Storage
|t 0
|e F1435.3.A6 S8
|h Library of Congress classification
|i unmediated -- volume
|m A14824018103
|
| 998 |
f |
f |
|a F1435.3.A6 S8
|t 0
|l Remote Storage
|